Grounds #1 (Record no. 28963)

000 -LEADER
fixed length control field 01186nam a22002057a 4500
003 - CONTROL NUMBER IDENTIFIER
control field OSt
005 - DATE AND TIME OF LATEST TRANSACTION
control field 20260430122508.0
008 - FIXED-LENGTH DATA ELEMENTS--GENERAL INFORMATION
fixed length control field 260430b ||||| |||| 00| 0 eng d
040 ## - CATALOGING SOURCE
Original cataloging agency BSHUA
Language of cataloging Shqip
050 ## - LIBRARY OF CONGRESS CALL NUMBER
Item number 05:7/Gro.
082 ## - DEWEY DECIMAL CLASSIFICATION NUMBER
Item number 05:7/Gro.
245 ## - TITLE STATEMENT
Title Grounds #1
260 ## - PUBLICATION, DISTRIBUTION, ETC. (IMPRINT)
Place of publication, distribution, etc Antwerp:
Name of publisher, distributor, etc SLARG,
Date of publication, distribution, etc 2025.
300 ## - PHYSICAL DESCRIPTION
Extent 72 f.;
500 ## - GENERAL NOTE
General note Contributor(s): Bianca Baldi , Pierre-Antoine Vettorello , Việt Vũ (Phạm Quang Trung) , Imane B. K. , Tundé Adefioye , Robin Vanbesien , Joud Toamah<br/><br/>
653 ## - INDEX TERM--UNCONTROLLED
Uncontrolled term Revistat - Revista e huaj - Reviste vjetore kerkimore - Kerkimi artistik - Grupi Kërkimor i Sint Lucas Antwerp (SLARG) - Artikuj -
-- Gjuha angleze -
-- The Mumkinat of Remembrance by Joud Toamah - Strolling Through the Eccentric Space: Unveiling the Potential Photo-History of Khady Diop in La Goutte d’Or by Pierre-Antoine Vettorello -
-- Reverb-Resonate: The Undercurrents by Monda Hedayati - Ciné Place-Making — hold on to her by Robin Vanbesien -
-- Film Censorship in Vietnam: A Conflict of Sociocultural and National Identity Re-Coding by Việt Vũ - Parable of a Sunfish by Bianca Baldi -
856 ## - ELECTRONIC LOCATION AND ACCESS
Link text Fulltext
942 ## - ADDED ENTRY ELEMENTS (KOHA)
Source of classification or shelving scheme
Koha item type Serials
953 ## - Fulltext
Is Fulltext Available Unavailable
Holdings
Withdrawn status Lost status Source of classification or shelving scheme Damaged status Not for loan Permanent Location Current Location Date acquired Cost, normal purchase price Full call number Barcode Date last seen Price effective from Koha item type
          Biblioteka e Universitetit te Arteve - Fondi i Mbyllur Biblioteka e Universitetit te Arteve - Fondi i Mbyllur 2026-04-30 1000.00 05:7/Gro. 3461 2026-04-30 2026-04-30 Serials
          Biblioteka e Universitetit te Arteve - Fondi i Mbyllur Biblioteka e Universitetit te Arteve - Fondi i Mbyllur 2026-04-30 1000.00 05:7/Gro. 3462 2026-04-30 2026-04-30 Serials
^
Universiteti i Arteve, Tiranë
Projekt i realizuar më Tetor, 2011.
Powered by: Koha
Developed by: Erjon Sulaj